000 00527nam a22001937a 4500
003 KOHA_MİRAKIL
005 20251221155820.0
008 251221b tu ||||| |||| 00| 0 tur d
020 _a9786051968964
040 _aTR-AnABB
_btur
_cTR-AnABB
041 _atur
082 _a297.56
_bSIM 2022
100 1 _aŞimşek, Ayşe,
245 1 0 _aOsmanlı'da miras ve kadın /
_cDr. Ayşe Şimşek
260 _aKonya :
_bSebat Ofset,
_c2022
300 _a326 sayfa ;
_c21 cm
650 0 4 _aMiras hukuku
942 _2ddc
_cBK
999 _c9862
_d9862
900 _bGizem YORULMAZ